| 000 | 00305nam a2200121Ia 4500 | ||
|---|---|---|---|
| 008 | 240731s9999 xx 000 0 und d | ||
| 022 | _a1940-1183 | ||
| 245 | 4 | _aThe Journal of Social Psychology | |
| 260 | _bRoutledge | ||
| 856 | _uhttps://www.tandfonline.com/loi/vsoc20 | ||
| 942 | _2ddc | ||
| 942 | _cTFEJ | ||
| 999 |
_c80015 _d80015 |
||
| 945 |
_a1 _bMadushi Gamage _c1 _dMadushi Gamage |
||